County Roscommon Quiz - Statistics

General Stats
  • This quiz has been taken 7 times
  • The average score is 16 of 20
Answer Stats
Hint Answer % Correct
A closed, medium security prison for adult males, in the town of the same name Castlerea Prison
100%
Province that Roscommon is in Connacht
100%
First President of Ireland; The county GAA ground bears his name Douglas Hyde
100%
Bordering counties Galway
100%
This 800 Hectare Park on the shores of a large lake, is known as "The Lough ... Forest Park" Key
100%
Bordering counties Leitrim
100%
Bordering counties Longford
100%
Bordering counties Mayo
100%
Bordering counties Offaly
100%
County town of Roscommon Roscommon
100%
Bordering counties Sligo
100%
Bordering counties Westmeath
100%
Actor who starred in Moone Boy, The IT Crowd and Bridesmaids Chris O'Dowd
83%
Queen of Connacht who was a main protagonist in the epic tale of the Táin Bó Cuailgne Maeve
83%
Coal mining museum, site of the last working coal mine in Ireland Arigna Mining Experience
67%
Site of the National Famine Museum Strokestown
67%
Taoiseach 1992-1994; previously owned several dancehalls and then had a pet food business Albert Reynolds
50%
18th Century windmill, fully restored in the 1990s as a working windmill Elphin Windmill
33%
One of Roscommon GAA's nicknames based on the above tale "The ...Rustlers" Cattle
17%
Hollywood actress (she played Jane in the Johnny Weissmuller Tarzan films) and mother of Mia Farrow Maureen O'Sullivan
17%
No matching quizzes found
Score Distribution
Percent of People with Each Score
Percentile by Number Answered
Your Score History
You have not taken this quiz